[Event "RUS-chT Blitz Women 2018"]
[Site "Sochi"]
[Date "2018.10.10"]
[Round "3"]
[White "Girya, Olga"]
[Black "Chan, Naruna"]
[Result "1/2-1/2"]
[WhiteElo "2479"]
[BlackElo "1967"]
[Annotator "TA"]
[PlyCount "134"]
[EventDate "2018.10.10"]
[EventType "swiss"]
[EventCountry "RUS"]
[SourceTitle "playchess.com"]
[Source "ChessBase"]
[SourceQuality "1"]

{[%evp 9,134,1,0,-4,26,24,67,0,35,0,2,1,0,0,0,0,0,0,7,0,0,-8,-8,-14,-6,-8,-8,-6,0,0,93,-26,-19,-16,-2,-2,-2,-4,-4,-5,-5,-8,12,0,0,0,0,-5,13,16,7,2,11,7,11,4,38,0,4,9,22,23,23,27,32,28,12,11,10,0,0,0,0,0,0,-9,-9,-35,-8,-39,5,4,8,-4,0,-4,8,0,8,0,8,8,8,0,0,0,0,0,0,-8,-8,-8,-8,-8,-8,-396,-90,-831,-8,-8,-8,-141,-156,-303,-8,-8,-8,-8,-8,-8,-8,-8,-8,-8,-8,-8,-8]} 1. d4 d5 2. Nf3 Nf6 3. c4 e6 4. Nc3 dxc4 5. e3 a6 6. Bxc4 {D24: Queen's Gambit Accepted: 3 Nf3 Nf6 4 Nc3} (6. a4 c5 7. Bxc4 Nc6 8. O-O Be7 9. Qe2 cxd4 10. Rd1 e5 11. exd4 exd4 12. Nxd4 Nxd4 13. Qe5 Qd6 14. Qxd6 Bxd6 15. Rxd4 Be5 16. Rd1 O-O 17. h3 Re8 18. Be3 Be6 19. Be2 Rac8 20. Bf3 Re7 21. Bd4 Bxd4 22. Rxd4 g6 23. Rad1 Kg7 24. Rb4 Rcc7 25. Rd6 Bc8 26. Kh2 Red7 27. Rdb6 Rd2 28. Rxf6 {1-0 (28) Iturrizaga Bonelli,E (2636)-Meier,G (2639) chess.com INT 2018}) 6... Be7 7. O-O O-O 8. b3 (8. e4 $14) 8... c5 9. Bb2 b5 10. Be2 Bb7 11. Rc1 cxd4 12. Nxd4 Qb6 $146 ({Predecessor:} 12... Nbd7 13. Bf3 Bxf3 14. Qxf3 Ne5 15. Qe2 Rc8 16. a4 b4 17. Nb1 Qb6 18. Nd2 {0-1 (67) Solomon,K (2351)-Antipov,M (2511) Caleta 2014}) 13. Bf3 Nbd7 {[%cal Bb8d7,Bd7e5,Be5c6,Bc6b4][%mdl 32]} 14. Bxb7 Qxb7 15. Qe2 Rac8 16. Rfd1 Rfd8 17. h3 Ne5 18. Nb1 Rxc1 19. Rxc1 Rc8 (19... Bd6 $11 {keeps the balance.}) 20. Nd2 (20. Rxc8+ $16 Qxc8 21. Nxb5) 20... Rxc1+ $11 21. Bxc1 Qc8 22. Bb2 Nc6 23. N2f3 Nb4 24. a3 Nbd5 25. Ne5 h6 26. Qd3 Nd7 27. Nxd7 Qxd7 28. Qc2 (28. Nf3 {is more complex.} Qc7 29. a4 bxa4 30. bxa4 Qc6 31. Qe4) 28... Qc7 (28... Bf6 {keeps more tension.} 29. Ne2 Bxb2 30. Qxb2 Qc6 31. Qd2 Qc5) 29. Qxc7 Nxc7 {[%mdl 4096] Endgame KBN-KBN} 30. Nc6 Bd6 31. Kf1 Kf8 32. Ke2 g6 33. Kd3 Ke8 34. e4 Kd7 35. Ne5+ Ke7 36. a4 Ne8 37. axb5 axb5 38. Nc6+ Kd7 39. Nd4 Nc7 40. Bc3 e5 41. Ne2 Kc6 42. Ba5 Ne6 43. b4 f5 44. f3 Bc7 45. Bxc7 Kxc7 {KN-KN} 46. Ke3 Kc6 47. Nc3 Nf4 48. g4 Nxh3 {Threatens to win with ...f4+.} 49. gxf5 gxf5 (49... g5 {seems wilder.} 50. f6 Nf4 51. f7 Ne6 52. Kf2 h5) 50. exf5 Ng5 51. Ne4 {And now Nxg5 would win.} Nf7 52. Nf6 Kd6 53. Nh5 Kd5 54. Nf6+ Kc4 55. f4 exf4+ 56. Kxf4 Kxb4 {Strongly threatening ...Kc4.} 57. Kg4 $2 {[%mdl 8192]} (57. Nd7 $11 {and White has nothing to worry.}) 57... Kc3 $2 (57... Kc5 $19 {has better winning chances. White must now prevent ...Kd4.} 58. Ne4+ Kd4) 58. Kh5 $2 {[%mdl 8192]} (58. Nd5+ $17 Kc4 59. Ne3+ Kd4 60. Nc2+ Kc3 61. Ne3) 58... b4 $2 ({Black should try} 58... Kd4 $19 59. Nd7 b4) 59. Nd5+ $1 Kc4 {[#]} 60. Ne3+ {[#]} (60. Nxb4 $1 $11 {[%mdl 512]} Kxb4 61. Kg6) 60... Kd3 $1 $17 {[%cal Rd3e3]} 61. Nd1 {intending f6.} Kc2 $2 ({Black should play} 61... Ke4 $19 62. f6 Ke5) 62. Ne3+ $11 {The position is equal.} Kd2 63. Nc4+ $1 Kc3 (63... Kd3 $5 64. Na5 $8 Ne5 $11) 64. Na5 b3 {[#]} 65. Nxb3 $1 {[%mdl 512]} Kxb3 66. Kg6 Nd6 67. Kxh6 Nxf5+ {Precision: White = 42%, Black = 44%.} 1/2-1/2

[Event "RUS-chT Blitz Women 2018"]
[Site "Sochi"]
[Date "2018.10.10"]
[Round "3"]
[White "Shuvalova, Polina"]
[Black "Markelova, Lubov"]
[Result "1-0"]
[WhiteElo "2421"]
[BlackElo "2190"]
[Annotator "TA"]
[PlyCount "103"]
[EventDate "2018.10.10"]
[EventType "swiss"]
[EventCountry "RUS"]
[SourceTitle "playchess.com"]
[Source "ChessBase"]
[SourceQuality "1"]

{[%evp 21,103,44,28,0,27,25,16,-173,76,-170,-173,-250,-62,-62,27,39,146,148,536,550,809,677,29976,1148,29977,29977,29968,29969,29969,471,29988,29989,5606,472,637,0,0,0,0,0,0,0,0,0,0,0,0,0,0,0,0,0,0,-27,-15,-62,0,0,0,-36,0,0,0,-25,262,256,289,289,286,285,302,296,1506,1490,5173,5045,5189,2093,5206,5157,2281,1376,1275,1233]} 1. e4 e6 2. d4 d5 3. Nd2 c5 4. exd5 Qxd5 5. Ngf3 cxd4 6. Bc4 Qd6 7. O-O Nf6 8. Nb3 Nc6 9. Nbxd4 Nxd4 10. Nxd4 a6 11. Re1 Qc7 12. Bf1 {C07: French Tarrasch: 3...c5, 4 Ngf3 and 4 exd5 Qxd5} Bd7 (12... Be7 13. Qf3 O-O 14. Bf4 Bd6 15. Bxd6 Qxd6 16. Rad1 Qc7 17. c4 Rb8 18. Qg3 Qxg3 19. hxg3 Bd7 {½-½ (61) Karjakin,S (2773)-Duda,J (2737) chess.com INT 2018}) 13. Bg5 Bd6 $146 ({Predecessor:} 13... O-O-O 14. Qf3 Bc5 15. Rad1 e5 16. Nb3 Be7 17. Qe2 Bd6 18. Bd2 e4 19. h3 Bb5 {1-0 (29) Blanco,H (2422)-Hevia Alejano,C (2308) Havana 2008}) 14. Nf5 $2 (14. g3 $11 {and White has nothing to worry.}) 14... Bxh2+ $19 15. Kh1 O-O-O $1 16. Nxg7 (16. Nd4 $142) 16... Be5 $2 (16... Bc6 $19 17. Bd3 Be5) 17. Qe2 $1 $15 {[%cal Re2e5]} h6 ({Black should play} 17... Bxb2 $15 18. Rab1 Bc3 19. Qxa6 Nd5 20. Bxd8 (20. Qa8+ Qb8 $17) 20... Rxd8 21. Qa8+ Qb8 22. Qxb8+ Kxb8) 18. Bh4 $1 $36 {[%mdl 2048] White has some pressure.} Bd4 (18... Bxb2 $14 19. Rab1 Bc3) 19. c3 $16 {[%cal Bc2c3,Bc3d4][%mdl 32]} Qf4 $2 {[%mdl 8192]} (19... Bb5 $16 {is a better chance.} 20. Nxe6 fxe6 21. Qxe6+ Bd7) 20. Bg3 $18 Qg5 21. cxd4 {White wants to mate with Rac1+.} Qxg7 22. Rac1+ Bc6 {[#]} 23. Rxc6+ $1 {[%mdl 512]} bxc6 24. Qxa6+ Kd7 25. Rc1 (25. Qb7+ $142 Ke8 26. Rxe6+ $1 {[%mdl 512]} Kf8 27. Qe7+ Kg8 28. Qxd8+ Qf8 29. Qxf8+ Kxf8 30. Rxf6) 25... Rc8 (25... Qg5 $18) 26. Qb7+ Kd8 27. Bb5 (27. Bd6 $142 {[%csl Gd6][%cal Rb7e7]} Qf8 28. Rxc6 Rxc6 29. Qxc6 Qxd6 30. Qxd6+ Nd7 31. Bb5 Ke8 32. Bxd7+ Kd8 33. Bb5+ Kc8 34. Ba6#) 27... Ne4 28. Bf4 $2 ({And not} 28. Ba6 Nxg3+ 29. fxg3 Rc7 $11) (28. Bh4+ $18 Ng5 29. Ba6) 28... Qg4 29. Qb6+ Ke7 30. Qb7+ Kd8 31. Bxc6 {[%csl Gc6][%cal Rb7d7]} Nxf2+ 32. Kg1 {[%csl Gc6][%cal Rb7d7]} Nh3+ $1 33. Kh1 {[%csl Gc6][%cal Rb7d7]} Nf2+ 34. Kg1 {[%csl Gc6][%cal Rb7d7]} Nh3+ $1 35. Kh1 {[%csl Gc6][%cal Rb7d7]} Nf2+ 36. Kg1 {[%csl Gc6][%cal Rb7d7]} Nh3+ $1 37. Kh2 {[%csl Gc6][%cal Rb7d7]} Qxf4+ 38. Kxh3 {[%csl Gc6][%cal Rb7d7]} Qf5+ 39. Kh2 $1 {[%csl Gc6][%cal Rb7d7]} Qf4+ 40. Kh3 {[%csl Gc6][%cal Rb7d7]} Qf5+ 41. Kh2 $1 {[%csl Gc6][%cal Rb7d7]} Qf4+ 42. g3 {[%csl Gc6][%cal Rb7d7]} (42. Kh3 $5 {[%cal Rb7d7]} Qc7 43. Qxc7+ Kxc7 44. b4 $17) 42... Qf2+ $2 {[%mdl 8192] [#]} (42... Qd6 $11 {and Black stays safe.}) 43. Kh3 $1 {[%csl Gc6][%cal Rb7d7]} Qf5+ 44. Kg2 {[%csl Gc6][%cal Rb7d7]} Rxc6 45. Qxc6 {[%mdl 4096] Endgame Qd6+ would kill now. KQR-KQR} (45. Rxc6 Qe4+ 46. Kf1 Qf3+ 47. Ke1 Qe4+ 48. Kd2 Qxd4+ 49. Kc2 Qe4+ 50. Kb3 Qd5+ 51. Kc3 Qe5+ 52. Kc4 Qd5+ 53. Kb4 Qd2+ 54. Ka3 Qa5+ 55. Kb3 Qd5+ 56. Kb4 Qd2+ 57. Kb3 Qd5+ $11) 45... Ke7 46. Qc7+ ({Not} 46. Rc5 Qg4 $16) 46... Kf6 $2 (46... Kf8 47. Qc5+ Qxc5 48. dxc5 Ke7) 47. Rf1 {White is clearly winning.} Qxf1+ 48. Kxf1 Kg7 49. Qe5+ Kh7 50. Qf6 {[%cal Rf6f7]} Rf8 51. Qe7 Kg7 52. a4 {Precision: White = 63%, Black = 34%.} 1-0

[Event "RUS-chT Blitz Women 2018"]
[Site "Sochi"]
[Date "2018.10.10"]
[Round "3"]
[White "Bivol, Alina"]
[Black "Charochkina, Daria"]
[Result "0-1"]
[WhiteElo "2403"]
[BlackElo "2344"]
[Annotator "TA"]
[PlyCount "76"]
[EventDate "2018.10.10"]
[EventType "swiss"]
[EventCountry "RUS"]
[SourceTitle "playchess.com"]
[Source "ChessBase"]
[SourceQuality "1"]

{[%evp 15,75,0,0,-5,-9,-16,6,0,0,-10,-1,-13,0,-12,-1,-32,12,4,7,-5,-5,-20,-27,-33,45,-15,-35,-44,-47,-56,58,0,0,9,0,-66,-65,-70,-65,-78,-60,-113,-113,-131,-110,-104,-105,-97,-102,-97,-94,-282,-290,-1043,-461,-424,-345,-437,-429,-29998,-29999,-29999]} 1. Nf3 d5 2. g3 Bg4 3. Bg2 Nd7 4. d3 e6 5. O-O Bd6 6. h3 {A07: Réti Opening: New York and Capablanca Systems} Bh5 7. e4 c6 8. Qe1 (8. exd5 exd5 9. Qe1+ Ne7 10. Nh4 O-O 11. g4 Re8 12. gxh5 Nc8 13. Qd1 Qxh4 14. Qg4 {0-1 (31) Grischuk,A (2750)-Carlsen,M (2832) chess.com INT 2017}) 8... Ne7 {LiveBook: 25 Games} 9. b3 O-O 10. Bb2 h6 11. Nbd2 Rc8 $146 ({Predecessor:} 11... Bg6 12. Kh1 a5 13. a3 b5 14. Nh4 Bh7 15. f4 Qb8 16. Qe2 Ra7 17. Rae1 Kh8 18. e5 {0-1 (41) Ahmad,A (2253)-Rusev,K (2548) Baku 2016}) 12. Rc1 Re8 13. Nh4 Ng6 14. Nxg6 Bxg6 15. f4 Qb6+ 16. Kh2 Bh7 17. Nf3 {[%cal Bd2f3,Bf3h4,Bh4f5][%mdl 32]} e5 18. fxe5 Nxe5 19. Nh4 Qc7 (19... c5 $15) 20. Qf2 (20. d4 $1 $14) 20... dxe4 $11 21. dxe4 Rcd8 22. Rcd1 Ng6 (22... h5 $15) 23. Nf5 (23. Rxd6 $5 Rxd6 24. Nf5 $14) 23... Be5 24. Bxe5 Nxe5 25. Qf4 ({Better is} 25. Rxd8 $11 Rxd8 26. Qxa7) 25... Bxf5 (25... Bg6 {with more complications.} 26. Qf2 b6 27. Qe2 f6 28. c4 Bf7) 26. exf5 f6 27. Rfe1 Rd6 28. Bf1 (28. Be4 $15) 28... Red8 $17 29. Bc4+ Kh8 30. Rxd6 Qxd6 31. Re2 b5 32. Be6 Qd1 33. Rf2 $2 (33. Qf2 $17) 33... Qe1 $19 {aiming for ...Rd1.} 34. Rg2 $2 {[#]} (34. Kg2) 34... Rd1 (34... Rd4 $142 $1 {[%mdl 512]} 35. Qf2 (35. Qxd4 Nf3#) 35... Qe4) 35. g4 Qh1+ 36. Kg3 Rf1 37. Qb4 (37. Qe4 $19) 37... Rf3+ 38. Kh4 Qxh3# {Precision: White = 16%, Black = 44%.} (38... Rxh3# $142) 0-1

[Event "RUS-chT Blitz Women 2018"]
[Site "Sochi"]
[Date "2018.10.10"]
[Round "3"]
[White "Gritsayeva, Oksana"]
[Black "Drozdova, Dina"]
[Result "1-0"]
[WhiteElo "2378"]
[BlackElo "2183"]
[Annotator "TA"]
[PlyCount "133"]
[EventDate "2018.10.10"]
[EventType "swiss"]
[EventCountry "RUS"]
[SourceTitle "playchess.com"]
[Source "ChessBase"]
[SourceQuality "1"]

{[%evp 21,132,3,8,-19,-1,-35,17,-37,-53,-88,-74,-129,-48,-59,20,27,25,14,24,12,44,0,19,0,28,28,28,28,28,0,30,34,30,0,77,77,91,83,95,83,108,105,130,76,100,81,113,74,150,141,204,163,186,190,259,259,275,196,196,142,175,175,175,175,175,175,175,175,205,206,206,190,190,185,184,184,272,125,136,137,134,115,115,0,115,115,115,115,115,115,262,246,286,177,422,445,547,532,887,887,887,880,1255,1252,1552,1429,29991,29989,29992,29989,29992,29993,29999]} 1. b3 d5 2. Bb2 c5 3. e3 Nc6 4. Nf3 Nf6 5. Bb5 Bd7 6. O-O a6 7. Bxc6 Bxc6 8. Ne5 Rc8 9. f4 e6 10. d3 Be7 11. Nd2 O-O {LiveBook: 5 Partien} 12. Ndf3 {A03: Bird-Eröffnung} (12. Rf3 Nd7 13. Nxc6 Rxc6 14. e4 Bf6 15. e5 Be7 16. c4 f6 17. Rg3 fxe5 18. fxe5 d4 19. Qg4 g6 {½-½ (34) Anton Guijarro,D (2546)-Espinosa Aranda,A (2422) Madrid 2012}) 12... Nd7 13. Qe1 f6 ({Günstiger ist} 13... Nxe5 $15 14. Nxe5 Be8) 14. Nxd7 $146 (14. Nxc6 $11 Rxc6 15. c4) ({Vorgänger:} 14. Nxc6 Rxc6 15. Qc3 Nb6 16. Rad1 Qc7 17. Kh1 c4 18. Nd4 Rc8 19. Nxc6 Qxc6 {0-1 (27) Komorniczak,B-Cierczek,B Lublin 2007}) 14... Qxd7 $15 15. Qh4 b5 16. g4 {[#]} (16. Nd2 $142) 16... c4 (16... d4 $1 $17 {[%mdl 512]} 17. e4 (17. exd4 cxd4) 17... Bd6) 17. g5 {[#]} f5 (17... d4 $1 $15 {[%mdl 512]} 18. Bxd4 cxd3 19. cxd3 Bxf3 20. Rxf3 e5 21. fxe5 fxe5 22. Rxf8+ Rxf8 23. Bxe5 Qxd3) 18. Ne5 $11 Qb7 19. Bd4 Be8 20. Rf2 cxb3 21. cxb3 Bd6 (21... b4 {is interesting.} 22. Bb2 Bd6 23. Qg3 Bg6 24. Qg2 a5) 22. Qh3 Bxe5 23. Bxe5 Bg6 24. Qf3 Rc6 25. h4 {[%cal Bh2h4,Bh4h5,Bh5h6][%mdl 32]} Rfc8 26. h5 Be8 27. h6 g6 (27... gxh6 $11 {bleibt in der Remisbreite.} 28. gxh6 Bg6) 28. Qd1 $16 Qb6 29. Bd4 Qa5 30. Kg2 Qa3 31. Qd2 Qe7 32. Qa5 ({Besser ist} 32. b4) 32... Qb7 33. Qb4 Qf7 34. Bb2 e5 (34... Qa7 $142) 35. Bxe5 Rc2 (35... Qf8 $16 36. Qd2 Qc5) 36. Raf1 {zielt auf Lb2 ab.} Rxf2+ 37. Rxf2 {Schwarz muss nun Lb2 beachten.} Qe6 (37... Qa7 $142 38. Qd6 Rc6 39. Qxd5+ Qf7) 38. Bd4 $18 Bf7 39. Qd2 Be8 40. Ba1 (40. Qb2 $18) 40... Bc6 41. Kg3 $40 {[%mdl 128] Weiss geht auf den König.} d4 42. Bxd4 Qd5 43. Qc1 Bb7 44. Qa1 Qh1 45. Qxh1 Bxh1 {[%mdl 4096] Endspiel KTL-KTL} 46. Rd2 Kf7 47. Be5 Ke6 48. Kf2 Rc1 (48... Rd8 $142 49. Rd1 Bb7) 49. a4 (49. e4 $18 {bietet bessere Gewinnchancen.}) 49... Bc6 $16 50. axb5 Bxb5 51. Ke2 Rh1 52. Kf2 (52. b4 $16) 52... Rh2+ (52... Rc1 $1 $11 {hält das Gleichgewicht.}) 53. Ke1 Rh1+ 54. Ke2 Rh2+ 55. Kd1 Rh3 (55... Rxd2+ $16 56. Kxd2 Kd5) 56. Bd4 $18 Rh1+ 57. Kc2 Kd5 $2 (57... Re1 {war einen Versuch wert.} 58. Kc3 Rc1+ 59. Kb2 Rc8) 58. Kb2 Re1 59. Rc2 Bxd3 60. Rc7 Rh1 61. Rxh7 Kc6 62. Rg7 Be4 63. Rxg6+ Kb5 64. Rb6+ {Weiß setzt Matt.} Ka5 65. Rb8 {[%cal Rd4c3]} Rb1+ 66. Ka2 {[%cal Rd4c3]} Rh1 67. Bc3# {Precision: Weiß = 52%, Schwarz = 28%.} 1-0

[Event "RUS-chT Blitz Women 2018"]
[Site "Sochi"]
[Date "2018.10.10"]
[Round "3"]
[White "Vasilevich, Tatjana"]
[Black "Vasilevich, Irina"]
[Result "0-1"]
[WhiteElo "2360"]
[BlackElo "2258"]
[Annotator "TA"]
[PlyCount "76"]
[EventDate "2018.10.10"]
[EventType "swiss"]
[EventCountry "RUS"]
[SourceTitle "playchess.com"]
[Source "ChessBase"]
[SourceQuality "1"]

{[%evp 9,75,-1,79,50,85,78,73,71,69,39,58,52,59,20,57,0,13,0,45,-98,-55,-40,-50,-66,19,0,25,0,26,4,26,-91,0,0,0,-95,-7,-60,-71,-195,-168,-406,-312,-364,-362,-356,-311,-370,-337,-402,-433,-452,-417,-443,-412,-527,-475,-956,-458,-808,-524,-12838,-12830,-29997,-29998,-29998,-29999,-29999]} 1. d4 e6 2. c4 b6 3. a3 Bb7 4. d5 Nf6 5. Nc3 e5 (5... Bd6 $11) 6. g3 {A50: Queen's Fianchetto Defence (1 d4 Nf6 2 c4 b6)} h5 $146 {[%cal Bh7h5,Bh5h4][%mdl 32]} ({Predecessor:} 6... g6 7. Bg2 Bg7 8. Nf3 d6 9. O-O O-O 10. e4 c5 11. Ne1 Nbd7 12. Nd3 h5 13. Bg5 Qb8 {½-½ (21) Spirin,O (2430)-Trapl,J (2337) Teplice 2008}) 7. Bg2 h4 8. Nh3 {White is better.} d6 9. O-O Bc8 {And now ...hxg3 would win.} 10. Ng5 Be7 11. e4 hxg3 12. hxg3 (12. fxg3 $14 O-O 13. Bd2) 12... Bg4 13. f3 Bd7 {Threatening ...Nh5.} 14. Be3 (14. f4 $1 $14 {keeps the upper hand.}) 14... Nh5 15. f4 Nxg3 {Hoping for ...exf4.} 16. Rf2 $1 {Qf3 is the strong threat.} Bxg5 (16... exf4 $1 $15 17. Nxf7 Kxf7 18. Bxf4 Nh5 19. Bxd6+ Kg6 20. Bxe7 Qxe7) 17. fxg5 $11 {Black must now prevent Qf3.} Qe7 18. Qf3 Nh5 19. Raf1 f6 20. Nb5 {[#]} (20. b4 $1 $11) 20... Bxb5 (20... Kd8 $1 $17) 21. cxb5 {Strongly threatening Rc2.} Nd7 22. g6 (22. Rc1 $11 {remains equal.} fxg5 23. Qf5 (23. Rxc7 Nf4 $14)) 22... O-O-O (22... Nf4 $1 $17) 23. Bh3 (23. Rc2 $11) 23... Kb8 $15 24. b4 {[#]} (24. Bf5 $17) 24... Nf4 $1 $19 {[%mdl 512]} 25. Bxd7 $2 (25. Bf5) (25. Bxf4 exf4) 25... Rxd7 26. Bxf4 exf4 27. Qxf4 Rh5 28. Rg2 Re5 29. Re1 {[#]} Rxd5 $1 {[%mdl 512]} 30. Rh2 (30. exd5 Qxe1+) 30... Re5 31. Rh8+ Rd8 32. Qh4 Rg5+ 33. Kh1 (33. Kf1 $142 Rxh8 34. Qxh8+ Kb7 35. Qh2) 33... Rxg6 (33... Rxh8 $142 34. Qxh8+ Kb7) 34. e5 (34. Re2 $142) 34... dxe5 {Threatens to win with ...Rxh8.} 35. Rxe5 Qd6 {( -> ...Qd1+)} 36. Reh5 Qd1+ {Black mates.} 37. Kh2 Qg1+ 38. Kh3 Qg2# {Precision: White =  9%, Black = 61%.} 0-1

[Event "RUS-chT Blitz Women 2018"]
[Site "Sochi"]
[Date "2018.10.10"]
[Round "3"]
[White "Voit, Daria"]
[Black "Ambartsumova, Karina"]
[Result "0-1"]
[WhiteElo "2352"]
[BlackElo "2379"]
[Annotator "TA"]
[PlyCount "126"]
[EventDate "2018.10.10"]
[EventType "swiss"]
[EventCountry "RUS"]
[SourceTitle "playchess.com"]
[Source "ChessBase"]
[SourceQuality "1"]

{[%evp 19,126,49,29,32,61,60,89,46,42,32,37,47,55,68,53,68,58,75,136,70,74,72,128,129,121,124,126,70,67,35,49,-75,-75,-74,139,-285,-285,-322,-153,-173,-177,-579,-311,-412,-414,-383,-120,-243,-241,-244,-169,-167,-160,-202,-205,-202,-188,-213,-213,-213,-213,-197,-203,-206,-195,-184,-26,-27,0,-184,-88,-88,-88,-88,-74,-74,-74,-5081,-4586,-29969,-29969,-29970,-29971,-29971,-29972,-29972,-29973,-29973,-29974,-29974,-29973,-29973,-29974,-29974,-29973,-29973,-29972,-29971,0,-29971,0,-29971,-29972,-29990,-29991,-29992,-29993,-29998,-29999]} 1. Nf3 Nf6 2. c4 g6 3. d4 Bg7 4. Nc3 O-O 5. Bg5 {[%cal Bc1g5,Bg5h4,Bh4g3][%mdl 32]} d6 6. e3 h6 7. Bh4 g5 8. Bg3 Nh5 9. Qc2 e6 {E61: King's Indian: Early deviations for White, including Smyslov System} 10. Be2 Qe7 {LiveBook: 5 Games} 11. O-O-O (11. Nd2 Nxg3 12. hxg3 Nd7 13. f4 f5 14. O-O-O c6 15. e4 fxe4 16. Qxe4 gxf4 17. gxf4 {1-0 (38) Jussupow,A (2576)-Hausrath,D (2499) Germany 2016}) 11... Nxg3 {White is slightly better.} 12. hxg3 f5 13. Nd2 c5 14. dxc5 $146 ({Predecessor:} 14. d5 Na6 15. a3 Nc7 16. f4 exd5 17. fxg5 Qxg5 {0-1 (40) Hoffman,R (2088)-Van Foreest,J (2467) Vlissingen 2014}) 14... dxc5 15. g4 Nc6 16. gxf5 exf5 17. Nd5 $36 {[%mdl 2048] White has good play.} Qf7 18. Bh5 Qd7 ({Black should try} 18... Qe6) 19. f4 ({White should play} 19. Nf1 $16) 19... g4 $14 20. Nb3 Qe6 (20... Qd6 $142) 21. Nxc5 $16 Qd6 22. Nb3 $1 {Threatens to win with Nb6!} Nb4 23. Nxb4 (23. c5 $1 $16 {[%cal Rc5d6]} Qxd5 24. Rxd5 Nxc2 25. Kxc2) 23... Qxb4 $14 24. Nd4 Bd7 25. Bg6 (25. Qb3 $14 {stays ahead.} Qxb3 26. axb3) 25... Rac8 26. b3 b5 $2 (26... Rf6 $17 {and life is bright.} 27. Nxf5 (27. Bxf5 Qa3+ 28. Kb1 Rxf5 $11) 27... Bxf5 28. Bxf5 Qa3+ 29. Kb1 Rxf5) 27. Qd2 $2 {[%mdl 8192]} (27. Bxf5 bxc4 28. Bxd7 cxb3 $17) (27. Nxf5 $16 Qa3+ 28. Kd2 (28. Kb1 Bxf5 29. Bxf5 Rxf5 $15) 28... Bxf5 29. Bxf5) 27... Qa3+ $19 28. Qb2 Qxb2+ (28... Qa6 $142 29. Bh5 bxc4) 29. Kxb2 bxc4 30. Ka3 $2 (30. g3) 30... cxb3 31. Nxb3 Be6 {...Rc2 is the strong threat.} 32. Rc1 Rfd8 $2 (32... Rb8 $19 {is more deadly.} 33. Rc6 Bd5) 33. Rxc8 (33. e4 $17) 33... Rxc8 34. Rc1 Bf8+ 35. Kb2 Kg7 $1 {[%cal Rg7g6]} 36. Rxc8 Bxc8 $17 {[%mdl 4096] Endgame KBB-KBN} 37. Be8 Bb7 38. g3 {[#]} Bb4 $1 39. Nd4 {[#]} Kf6 $1 40. Bd7 Be4 41. Kc1 Be1 42. Ne2 Bf3 $2 (42... h5 $19 {aiming for ...h4.} 43. Bb5 h4 44. gxh4 g3) 43. Nd4 $11 Be4 $2 (43... Bd5 $11 44. Nxf5 h5) 44. Ne2 $19 Bd3 (44... h5 $19 {Strongly threatening ...h4.} 45. Kd1 h4 46. gxh4 Bf2) 45. Kd1 $17 Bf2 46. Kd2 Bxe2 47. Kxe2 Bxg3 {KB-KB} 48. e4 $2 {[%mdl 8192]} (48. Be8 $17) 48... Bxf4 $19 49. Bxf5 h5 {[%cal Bh6h5,Bh5h4,Bh4h3][%mdl 32]} 50. Kf2 Kg5 51. Kg2 h4 52. Bd7 h3+ 53. Kg1 Be5 54. Kh1 Kf4 55. Kg1 Kg3 56. Kh1 Bd4 57. Be6 Kf4 58. Bd7 Be5 $2 (58... Kg5 {mates} 59. Bb5 g3 60. Bf1 g2+ 61. Bxg2 hxg2+ 62. Kxg2 Kf4 63. e5 Kxe5 64. Kh3 Bb6 65. Kg4 Kd4 66. a4 Kc3 67. Kf5 Kb4 68. Ke4 Kxa4 69. Kd5 Kb3 70. Kc6 Kc4 71. Kd6 Bc5+ 72. Kd7 a5 73. Ke6 a4 74. Kf5 a3 75. Kg4 a2 76. Kg5 a1=Q 77. Kf5 Bd6 78. Kg5 Qe5+ 79. Kg6 Qf4 80. Kh5 Qf5+ 81. Kh4 Qg6 82. Kh3 Qg3#) 59. Be6 $2 {[%mdl 8192]} (59. Kg1 $11 Kg5 60. Be6) 59... Kg5 60. Bd7 $1 Kh4 {Black mates.} 61. Kg1 g3 {[%cal Bg4g3,Bg3g2][%mdl 32]} 62. Be6 Bd4+ 63. Kh1 g2+ {Precision: White = 32%, Black = 39%.} 0-1

[Event "RUS-chT Blitz Women 2018"]
[Site "Sochi"]
[Date "2018.10.10"]
[Round "3"]
[White "Kovanova, Baira"]
[Black "Seregina, Maria"]
[Result "1-0"]
[WhiteElo "2350"]
[BlackElo "1923"]
[Annotator "TA"]
[PlyCount "49"]
[EventDate "2018.10.10"]
[EventType "swiss"]
[EventCountry "RUS"]
[SourceTitle "playchess.com"]
[Source "ChessBase"]
[SourceQuality "1"]

{[%evp 14,49,25,31,70,62,102,101,188,171,181,174,160,172,322,321,357,326,410,399,634,618,623,270,644,629,633,622,664,640,750,715,878,867,975,918,885,787]} 1. Nf3 g6 2. d4 Nf6 3. c4 Bg7 4. Nc3 O-O 5. Bf4 d6 6. e3 Nbd7 7. h3 c5 8. Be2 {LiveBook: 22 Games} Nh5 {E61: King's Indian: Early deviations for White, including Smyslov System} (8... Qa5 9. O-O a6 10. a3 Re8 11. Bh2 Rb8 12. dxc5 Qxc5 13. b4 Qc7 14. Rc1 b6 15. Nd5 Qa7 16. Nd4 {1-0 (56) Purtseladze,M (2347)-Gvetadze,S (2283) Doha 2016}) 9. Bh2 f5 10. O-O {[%cal Bh1f1,Bf1d1,Bd1d8][%mdl 32]} Qe8 $146 (10... cxd4 $16 11. Nxd4 (11. exd4 Qb6 $16) 11... Nc5) ({Predecessor:} 10... Nhf6 11. Ng5 Nb6 12. dxc5 dxc5 13. Nb5 Qxd1 14. Raxd1 Ne8 15. b3 a6 16. Nc7 Nxc7 17. Bxc7 {1-0 (58) Salimova,A (1636)-Beshukova,A (1788) Al Ain 2013}) 11. Nd5 {Hoping for Nc7.} Qd8 12. Ng5 Ndf6 13. dxc5 dxc5 {[#]} (13... e6 {was called for.}) 14. Nc7 $1 $18 {[%cal Rc7a8]} Qxd1 15. Rfxd1 Rb8 16. Nce6 Ra8 (16... Bxe6 $142 17. Nxe6 Ne4) 17. Nxf8 Bxf8 18. Bf3 (18. Rd8 $142) 18... Ng7 $2 (18... h6 19. Bxh5 Nxh5) 19. Rd8 {White is clearly winning.} h6 20. Be5 hxg5 21. Bxf6 $1 exf6 22. Bd5+ Kh7 23. Rxf8 f4 24. e4 Nh5 {[#]} 25. Be6 $1 {[%mdl 512] Precision: White = 72%, Black =  8%.} 1-0